Global rubber scenario: Prices may stay high (Record no. 59973)

MARC details
000 -LEADER
fixed length control field 00337nam a2200133Ia 4500
100 ## - MAIN ENTRY--AUTHOR NAME
Personal name Saj Mathews A
245 #0 - TITLE STATEMENT
Title Global rubber scenario: Prices may stay high
260 ## - PUBLICATION, DISTRIBUTION, ETC. (IMPRINT)
Name of publisher Rubber Asia
Year of publication 2011
300 ## - PHYSICAL DESCRIPTION
Number of Pages 40-44
500 ## - GENERAL NOTE
General note Source Year: 2011
650 ## - SUBJECT ADDED ENTRY--TOPICAL TERM
Topical Term Rubber price
942 ## - ADDED ENTRY ELEMENTS (KOHA)
Koha item type Journals
Holdings
Withdrawn status Lost status Damaged status Not for loan Home library Current library Shelving location Date acquired Serial Enumeration / chronology Koha item type
      Journals RRII Library RRII Library Economics 05/08/2011 Volume 25, Issue 4 Journals